000 00738nam a22001817a 4500
003 UA-OsUOA
001 15265
007 ta
008 20031104b un ||||| |||| 00| 0 ukr d
100 _aСадовник В.
942 _cSA
040 _aUA-OsUOA
_cUA-OsUOA
_dUA-OsUOA
245 _a"Цього року літо виявилося гарячим не лише за погодою..."
_b[Начальник упр. СБУ в Рівнен. обл. генерал-майор В.Садовник розповідає про роботу управління]
300 _aС.6-7
955 _a0
773 0 _w0
_tРівне вечірнє
_dРівне
_d2003
_g№62/29 серп./
650 7 _aКраєзнавча робота
_2UDC
999 _c301430
_d301430